Zweierpotenzen von 1-30 in 60 Sekunden - Statistiken

Allgemein
  • Dieses Quiz wurde 295 mal gespielt
  • Das Durchschnittsergebnis liegt bei 15 aus 30
Antwortstatistiken
Zahl Ergebnis % Korrekt
2
100%
4
100%
2⁴ 16
99%
8
99%
2⁵ 32
96%
2⁶ 64
95%
2⁷ 128
94%
2⁸ 256
94%
2⁹ 512
92%
2¹⁰ 1024
91%
2¹¹ 2048
89%
2¹² 4096
86%
2¹³ 8192
75%
2¹⁴ 16384
62%
2¹⁵ 32768
49%
2¹⁶ 65536
34%
2¹⁷ 131072
23%
2¹⁸ 262144
18%
2¹⁹ 524288
14%
2²⁰ 1048576
9%
2²¹ 2097152
8%
2²² 4194304
8%
2²⁴ 16777216
7%
2²⁵ 33554432
7%
2²³ 8388608
7%
2²⁶ 67108864
5%
2²⁷ 134217728
4%
2²⁸ 268435456
3%
2²⁹ 536870912
2%
2³⁰ 1073741824
0%
Keine übereinstimmenden Quizze gefunden
Verteilung der Resultate
Anzahl Personen mit jedem Resultat
Perzentil nach korrekt beantworteten Fragen
Ihre Resultats-Entwicklung
Sie haben dieses Quiz noch nicht gespielt